000 00290nam a22001337a 4500
008 170419b xxu||||| |||| 00| 0 eng d
020 _a1555810713
041 _aeng
080 _a573
100 _a11
101 _aSHM
245 _aMOLECULAR BIOTECHNOLOGY
_cGLICK, B.R
942 _2udc
_cBK
999 _c11098
_d11098